[Event "11. Europa ch 2010 Femenino"]
[Site "Rijeka CRO"]
[Date "2010.03.17"]
[Round "11.6"]
[White "Zawadzka, Jolanta"]
[Black "Zhukova, Natalia"]
[Result "0-1"]
[WhiteElo "2404"]
[BlackElo "2492"]
[PlyCount "76"]
[EventDate "2010.03.06"]
[EventType "swiss"]
[EventRounds "11"]
[EventCountry "CRO"]
[Source "lmi"]
[SourceDate "2010.03.06"]

1. e4 e5 2. Nf3 Nc6 3. Bb5 Nf6 4. O-O Nxe4 5. Re1 Nd6 6. Nxe5 Be7 7. Bf1 Nf5 8.
c3 O-O 9. d4 Nxe5 10. Rxe5 d6 11. Re1 d5 12. Bf4 Nh4 13. Nd2 c6 14. Bd3 Ng6 15.
Bg3 f5 16. f4 Bd6 17. Qf3 Qc7 18. Rf1 Bd7 19. Rae1 Rae8 20. Rxe8 Rxe8 21. Nb3
Bc8 22. Nc1 b6 23. b4 Kh8 24. Ne2 Qf7 25. Bf2 Ne7 26. Bh4 Ng8 27. Nc1 c5 28.
bxc5 bxc5 29. dxc5 Bxc5+ 30. Bf2 Qc7 31. Ne2 Nf6 32. Bxc5 Qxc5+ 33. Qf2 Re3 34.
h3 Ba6 35. Nc1 Qb6 36. Rd1 Bxd3 37. Nxd3 Ne4 38. Qb2 Re1+ 0-1

[Event "11. Europa ch 2010 Femenino"]
[Site "Rijeka CRO"]
[Date "2010.03.17"]
[Round "11.9"]
[White "Hoang Thanh Trang"]
[Black "Romanko Guseva, Marina"]
[Result "1/2-1/2"]
[WhiteElo "2487"]
[BlackElo "2409"]
[PlyCount "92"]
[EventDate "2010.03.06"]
[EventType "swiss"]
[EventRounds "11"]
[EventCountry "CRO"]
[Source "lmi"]
[SourceDate "2010.03.06"]

1. d4 d5 2. Bf4 c6 3. e3 Bf5 4. c4 e6 5. Nc3 Nd7 6. Nf3 Ngf6 7. Qb3 Qb6 8. c5
Qxb3 9. axb3 a6 10. b4 Rc8 11. h3 Be7 12. Nd2 Bd8 13. Bd6 Ne4 14. Ndxe4 Bxe4
15. f3 Bg6 16. e4 Nf6 17. exd5 Nxd5 18. Nxd5 exd5 19. Kf2 Kd7 20. h4 h5 21. Be5
f6 22. Bd6 Bc7 23. Bxc7 Kxc7 24. g3 Bf5 25. Be2 Rce8 26. g4 hxg4 27. fxg4 Bh7
28. Bf3 Be4 29. Rae1 Bxf3 30. Kxf3 Rxe1 31. Rxe1 Kd7 32. h5 f5 33. Re5 fxg4+
34. Kxg4 Re8 35. Rg5 Re7 36. Kf5 Ke8 37. Kg6 Kf8 38. Kh7 Rf7 39. b3 Re7 40. Rg6
Rc7 41. Re6 Kf7 42. Rg6 Kf8 43. Rg4 Rf7 44. Rg5 Re7 45. Rg4 Rf7 46. Rg5 Re7
1/2-1/2

[Event "11. Europa ch 2010 Femenino"]
[Site "Rijeka CRO"]
[Date "2010.03.17"]
[Round "11.10"]
[White "Bodnaruk, Anastasia"]
[Black "Dzagnidze, Nana"]
[Result "1/2-1/2"]
[WhiteElo "2384"]
[BlackElo "2479"]
[PlyCount "107"]
[EventDate "2010.03.06"]
[EventType "swiss"]
[EventRounds "11"]
[EventCountry "CRO"]
[Source "lmi"]
[SourceDate "2010.03.06"]

1. e4 c6 2. c4 e5 3. Nc3 Nf6 4. Nf3 Qc7 5. d4 d6 6. g3 Bg4 7. Bg2 Nbd7 8. h3
Bxf3 9. Bxf3 g6 10. Be3 Bg7 11. Qd2 O-O 12. O-O exd4 13. Bxd4 a6 14. Rac1 Rfe8
15. Bg2 Rad8 16. f4 Qa5 17. Qf2 Qb4 18. b3 b5 19. e5 dxe5 20. fxe5 Rxe5 21.
Bxe5 Nxe5 22. Qb6 Rf8 23. cxb5 Nh5 24. Ne2 Qd2 25. Qf2 Nd3 26. Rcd1 Qxd1 27.
Rxd1 Nxf2 28. Kxf2 cxb5 29. b4 Be5 30. g4 Ng7 31. Bb7 f5 32. g5 Ne6 33. Bd5 Re8
34. Rc1 Kg7 35. h4 h6 36. Rc6 Nd4 37. Rxa6 hxg5 38. hxg5 Nxe2 39. Kxe2 Bf4+ 40.
Re6 Rd8 41. Re7+ Kf8 42. Rf7+ Ke8 43. Bb3 Rd2+ 44. Kf3 Bxg5 45. Rb7 Be7 46.
Rxb5 Bd6 47. Ke3 Rh2 48. Bd5 Ke7 49. a4 Rh4 50. a5 Rxb4 51. Rxb4 Bxb4 52. a6
Kd6 53. Kf4 Bc5 54. Bf7 1/2-1/2

[Event "11. Europa ch 2010 Femenino"]
[Site "Rijeka CRO"]
[Date "2010.03.17"]
[Round "11.11"]
[White "Rajlich, Iweta"]
[Black "Charkhalashvili, Inga"]
[Result "1-0"]
[WhiteElo "2459"]
[BlackElo "2338"]
[PlyCount "83"]
[EventDate "2010.03.06"]
[EventType "swiss"]
[EventRounds "11"]
[EventCountry "CRO"]
[Source "lmi"]
[SourceDate "2010.03.06"]

1. d4 Nf6 2. c4 e6 3. Nc3 Bb4 4. Qc2 c5 5. dxc5 Na6 6. a3 Bxc3+ 7. Qxc3 Nxc5 8.
b4 Nce4 9. Qb2 d5 10. c5 h6 11. f3 Ng5 12. g4 Qc7 13. h4 Ngh7 14. f4 Nf8 15.
Nf3 N8d7 16. Rg1 Rg8 17. e3 Ne4 18. g5 hxg5 19. Nxg5 Nxg5 20. hxg5 b6 21. c6
Qxc6 22. Bd2 Bb7 23. Rc1 Qd6 24. Bd3 g6 25. Bc3 a6 26. Bd4 Ke7 27. Rh1 Bc6 28.
Rh7 Bb7 29. Bf6+ Ke8 30. Qc3 d4 31. Qc7 Qxc7 32. Rxc7 Rb8 33. exd4 Bc8 34. Ra7
Rb7 35. Rxa6 Nxf6 36. gxf6 Rd7 37. Ra8 Kd8 38. Ba6 Kc7 39. Bb5 Rxd4 40. Rxf7+
Kd6 41. Rxc8 Re4+ 42. Kd2 1-0

[Event "11. Europa ch 2010 Femenino"]
[Site "Rijeka CRO"]
[Date "2010.03.17"]
[Round "11.12"]
[White "Galojan, Lilit"]
[Black "Muzychuk, Mariya"]
[Result "0-1"]
[WhiteElo "2380"]
[BlackElo "2444"]
[PlyCount "110"]
[EventDate "2010.03.06"]
[EventType "swiss"]
[EventRounds "11"]
[EventCountry "CRO"]
[Source "lmi"]
[SourceDate "2010.03.06"]

1. d4 f5 2. c4 Nf6 3. Nc3 g6 4. h4 Bg7 5. h5 Nxh5 6. e4 Nf6 7. Bd3 e6 8. e5 Ng8
9. Nf3 d6 10. Bg5 Qd7 11. Qe2 d5 12. cxd5 exd5 13. O-O-O c6 14. g4 fxg4 15. e6
Qd6 16. Rxh7 Rxh7 17. Bxg6+ Kf8 18. Bxh7 Qxe6 19. Ne5 Bh6 20. f4 gxf3 21. Qxf3+
Kg7 22. Bxh6+ Qxh6+ 23. Rd2 Nf6 24. Bd3 Nbd7 25. Kb1 Nxe5 26. dxe5 Ng4 27. Rg2
Qg5 28. Qh3 Kf7 29. Qh7+ Ke6 30. Qh8 Ke7 31. Qh7+ Kd8 32. Bg6 Qe7 33. Qh8+ Kc7
34. Rc2 Qxe5 35. Qh7+ Kb6 36. Na4+ Ka5 37. Nc5 Ne3 38. b4+ Kb6 39. Na4+ Kb5 40.
Nc3+ Kxb4 41. Qh4+ d4 42. Rb2+ Kxc3 43. Qe1+ Kc4 44. Qb4+ Kd5 45. Qa5+ b5 46.
Qd8+ Kc5 47. Bd3 Qd5 48. Qe7+ Kb6 49. a4 Bf5 50. Bxf5 Qxf5+ 51. Ka1 Nc4 52. a5+
Nxa5 53. Re2 Rg8 54. Rc2 Nc4 55. Qe1 Qd3 0-1

[Event "11. Europa ch 2010 Femenino"]
[Site "Rijeka CRO"]
[Date "2010.03.17"]
[Round "11.13"]
[White "Kovalevskaya, Ekaterina"]
[Black "Girya, Olga"]
[Result "1-0"]
[WhiteElo "2438"]
[BlackElo "2362"]
[PlyCount "59"]
[EventDate "2010.03.06"]
[EventType "swiss"]
[EventRounds "11"]
[EventCountry "CRO"]
[Source "lmi"]
[SourceDate "2010.03.06"]

1. c4 c5 2. Nf3 Nf6 3. Nc3 Nc6 4. d4 cxd4 5. Nxd4 e6 6. a3 Bc5 7. Nb3 Be7 8. e4
O-O 9. Be2 b6 10. O-O Bb7 11. Bf4 d6 12. Qc2 Ne5 13. Rfd1 Ng6 14. Bg3 e5 15. f3
Rc8 16. a4 Nd7 17. Nb5 a5 18. Nxd6 Bxd6 19. Rxd6 Qc7 20. Qd2 Bc6 21. c5 Nxc5
22. Nxc5 bxc5 23. b3 Rb8 24. Bc4 Rfc8 25. Rd1 Kf8 26. Bf2 Qa7 27. Qg5 Be8 28.
Qf5 Rc7 29. h4 h5 30. Rxg6 1-0

[Event "11. Europa ch 2010 Femenino"]
[Site "Rijeka CRO"]
[Date "2010.03.17"]
[Round "11.14"]
[White "Nebolsina, Vera"]
[Black "Khurtsidze, Nino"]
[Result "0-1"]
[WhiteElo "2310"]
[BlackElo "2434"]
[PlyCount "92"]
[EventDate "2010.03.06"]
[EventType "swiss"]
[EventRounds "11"]
[EventCountry "CRO"]
[Source "lmi"]
[SourceDate "2010.03.06"]

1. d4 Nf6 2. Nf3 e6 3. c4 d5 4. g3 Bb4+ 5. Bd2 Be7 6. Bg2 c6 7. Qc2 Nbd7 8. O-O
O-O 9. Bf4 b6 10. Rd1 Bb7 11. Nc3 Rc8 12. b3 c5 13. Nb5 cxd4 14. Rxd4 Bc5 15.
Rdd1 Ng4 16. e3 e5 17. Bg5 f6 18. Bh4 a6 19. Nc3 Bxe3 20. fxe3 Nxe3 21. Qd2
Nxg2 22. Kxg2 d4 23. Nd5 g5 24. Qe2 gxh4 25. Nxh4 Nc5 26. Kg1 Bxd5 27. cxd5
Qxd5 28. Nf5 Rc7 29. b4 Ne6 30. Rac1 Rd7 31. Qg4+ Kh8 32. Ne3 Qxa2 33. Nc4 Re7
34. Qf5 Ng7 35. Qd3 b5 36. Na5 Qe6 37. Rf1 Rd7 38. Qe4 Qd5 39. Qh4 f5 40. Rc5
Qe6 41. Nc6 Rd5 42. Rxd5 Qxd5 43. Ne7 Qd6 44. Rc1 d3 45. Rc6 Qxc6 46. Nxc6 d2
0-1

[Event "11. Europa ch 2010 Femenino"]
[Site "Rijeka CRO"]
[Date "2010.03.17"]
[Round "11.15"]
[White "Javakhishvili, Lela"]
[Black "Ziaziulkina, Nastassia"]
[Result "0-1"]
[WhiteElo "2500"]
[BlackElo "2188"]
[PlyCount "82"]
[EventDate "2010.03.06"]
[EventType "swiss"]
[EventRounds "11"]
[EventCountry "CRO"]
[Source "lmi"]
[SourceDate "2010.03.06"]

1. d4 d5 2. c4 c6 3. Nf3 Nf6 4. e3 Bg4 5. h3 Bh5 6. Nc3 e6 7. g4 Bg6 8. Ne5
Nbd7 9. h4 dxc4 10. Nxg6 hxg6 11. Bxc4 Bb4 12. Qb3 Qb6 13. Be2 e5 14. Bd2 exd4
15. exd4 Bd6 16. Qa4 Qc7 17. O-O-O Nb6 18. Qa5 Nbd5 19. Qxc7 Bxc7 20. g5 Nxc3
21. bxc3 Ne4 22. Be1 Nxg5 23. d5 O-O-O 24. dxc6 Rxd1+ 25. Kxd1 bxc6 26. Kc2 Bb6
27. a4 Ne4 28. f3 Nc5 29. Bg3 Re8 30. Re1 Re6 31. Kd2 Ba5 32. Bf2 Nxa4 33. Bd4
Rd6 34. Kc2 Rxd4 35. Ba6+ Kd7 36. Rb1 Nxc3 37. Rb7+ Ke6 38. Rxa7 Bb4 39. Bc8+
Kf6 40. Ra6 Rd6 41. Kb3 Nd5 0-1

[Event "11. Europa ch 2010 Femenino"]
[Site "Rijeka CRO"]
[Date "2010.03.17"]
[Round "11.16"]
[White "Gvetadze, Sopio"]
[Black "Mkrtchian, Lilit"]
[Result "1-0"]
[WhiteElo "2342"]
[BlackElo "2503"]
[PlyCount "145"]
[EventDate "2010.03.06"]
[EventType "swiss"]
[EventRounds "11"]
[EventCountry "CRO"]
[Source "lmi"]
[SourceDate "2010.03.06"]

1. e4 e6 2. d4 d5 3. e5 c5 4. c3 Nc6 5. Nf3 Qb6 6. a3 c4 7. Nbd2 Na5 8. g3 h6
9. h4 Bd7 10. Bh3 Ne7 11. Nh2 Qc7 12. O-O O-O-O 13. Qf3 Be8 14. Re1 Kb8 15.
Nhf1 h5 16. Rb1 Nc8 17. Ne3 Nb6 18. Ndf1 Ba4 19. Qe2 Nb3 20. Ng2 Nxc1 21. Rbxc1
g6 22. Nd2 Bh6 23. Ne3 Rc8 24. f4 Rhd8 25. Nf3 Qe7 26. Ng5 Bc6 27. Bg2 Na4 28.
Bf3 Rh8 29. Kg2 b5 30. Qc2 Nb6 31. Rh1 a5 32. Ra1 Kc7 33. Rhb1 Ra8 34. Kf2 Rhb8
35. g4 hxg4 36. Bxg4 Na4 37. Bf3 Rb7 38. Kg3 Rab8 39. Rc1 Nb6 40. Qg2 Rh8 41.
Qc2 Na4 42. Rab1 Rhb8 43. Ra1 Rh8 44. Rab1 Rhb8 45. Ra1 Ra7 46. Rab1 Ra6 47.
Qe2 Nb6 48. Qg2 Rba8 49. Qh1 Rh8 50. Qg2 Rha8 51. Qh1 Rh8 52. Qf1 Raa8 53. Qe2
Raf8 54. b3 Qd7 55. a4 Ra8 56. axb5 Bxb5 57. Qa2 Qc6 58. Qb2 Rhb8 59. Nxf7
Bxf4+ 60. Kxf4 Rf8 61. Kg3 Rxf7 62. Qa3 cxb3 63. Rxb3 Bc4 64. Rb2 Raf8 65. Bg2
Na4 66. Nxc4 Nxb2 67. Nxb2 Rf2 68. Nd3 Rd2 69. Qe7+ Qd7 70. Qxf8 Rxd3+ 71. Kh2
Qb5 72. Qd6+ Kb7 73. Rf1 1-0

[Event "11. Europa ch 2010 Femenino"]
[Site "Rijeka CRO"]
[Date "2010.03.17"]
[Round "11.17"]
[White "Paehtz, Elisabeth"]
[Black "Franciskovic, Borka"]
[Result "1-0"]
[WhiteElo "2486"]
[BlackElo "2245"]
[PlyCount "71"]
[EventDate "2010.03.06"]
[EventType "swiss"]
[EventRounds "11"]
[EventCountry "CRO"]
[Source "lmi"]
[SourceDate "2010.03.06"]

1. b3 Nf6 2. Bb2 e6 3. e3 c5 4. f4 b6 5. Nf3 Bb7 6. g3 Be7 7. Bg2 O-O 8. O-O
Nc6 9. Qe2 d5 10. Ne5 Nd7 11. d4 Ndxe5 12. fxe5 Qd7 13. Nd2 f6 14. exf6 Bxf6
15. c3 a5 16. Qg4 Ba6 17. c4 Rad8 18. Bh3 cxd4 19. Qxe6+ Qxe6 20. Bxe6+ Kh8 21.
Bxd5 Nb4 22. e4 Bc8 23. a3 Nc2 24. Rac1 Ne3 25. Rxf6 Rxf6 26. Bxd4 Nxd5 27.
cxd5 Rg6 28. Nc4 b5 29. Ne5 Rf6 30. Nc6 Rxc6 31. Rxc6 Kg8 32. Rc7 Bd7 33. Ra7
a4 34. b4 g6 35. Bf6 Rf8 36. Be7 1-0

[Event "11. Europa ch 2010 Femenino"]
[Site "Rijeka CRO"]
[Date "2010.03.17"]
[Round "11.18"]
[White "Chelushkina, Irina"]
[Black "Gaponenko, Inna"]
[Result "0-1"]
[WhiteElo "2319"]
[BlackElo "2472"]
[PlyCount "78"]
[EventDate "2010.03.06"]
[EventType "swiss"]
[EventRounds "11"]
[EventCountry "CRO"]
[Source "lmi"]
[SourceDate "2010.03.06"]

1. g3 d5 2. f4 h5 3. Nf3 h4 4. gxh4 Bg4 5. Ne5 Bh5 6. c4 f6 7. Qa4+ c6 8. Nd3
e6 9. Qb3 Qc7 10. Nc3 Nh6 11. Nd1 Nd7 12. cxd5 exd5 13. Ne3 O-O-O 14. Qa4 Kb8
15. b4 d4 16. Ng2 Nf5 17. Qc2 Bg6 18. Bb2 Nb6 19. Rc1 Nxh4 20. Rg1 Bf5 21. Qb3
Ng6 22. Nf2 Nxf4 23. Nxf4 Qxf4 24. h3 Qd6 25. Rc5 Be6 26. Qc2 Qf4 27. Bc1 g5
28. d3 Qc7 29. Ne4 Bxc5 30. bxc5 Nd5 31. Qb2 Nc3 32. Nxc3 dxc3 33. Qxc3 Bxh3
34. Bxh3 Rxh3 35. Qxf6 Re8 36. Qxg5 Qa5+ 37. Bd2 Qxa2 38. Qf4+ Ka8 39. Rg4 Rxd3
0-1

[Event "11. Europa ch 2010 Femenino"]
[Site "Rijeka CRO"]
[Date "2010.03.17"]
[Round "11.19"]
[White "Gunina, Valentina"]
[Black "Matveeva, Svetlana"]
[Result "1-0"]
[WhiteElo "2457"]
[BlackElo "2373"]
[PlyCount "81"]
[EventDate "2010.03.06"]
[EventType "swiss"]
[EventRounds "11"]
[EventCountry "CRO"]
[Source "lmi"]
[SourceDate "2010.03.06"]

1. d4 d5 2. c4 dxc4 3. Nf3 e6 4. e3 c5 5. Bxc4 a6 6. O-O Nf6 7. dxc5 Qxd1 8.
Rxd1 Bxc5 9. Nbd2 Nbd7 10. Be2 b6 11. Nb3 Be7 12. Nfd4 Bb7 13. f3 g6 14. Bd2 e5
15. Nc2 Rc8 16. Rac1 e4 17. Nb4 O-O 18. Bxa6 Bxa6 19. Nxa6 exf3 20. gxf3 Ne5
21. Nd4 Nc4 22. Rc2 Nxd2 23. Rdxd2 Ra8 24. Nc6 Rxa6 25. Nxe7+ Kg7 26. a3 Re8
27. Rc7 Kf8 28. Nc8 Rxe3 29. Rd8+ Kg7 30. Nd6 Rxf3 31. Rxf7+ Kh6 32. Rdf8 Rb3
33. Rxf6 Rxb2 34. Rf3 b5 35. R8f6 Ra4 36. Rh3+ Kg5 37. Rf2 Rb1+ 38. Kg2 h5 39.
Nf7+ Kg4 40. Rg3+ Kh4 41. Ne5 1-0

[Event "11. Europa ch 2010 Femenino"]
[Site "Rijeka CRO"]
[Date "2010.03.17"]
[Round "11.20"]
[White "Sedina, Elena"]
[Black "Khotenashvili, Bela"]
[Result "1/2-1/2"]
[WhiteElo "2334"]
[BlackElo "2448"]
[PlyCount "85"]
[EventDate "2010.03.06"]
[EventType "swiss"]
[EventRounds "11"]
[EventCountry "CRO"]
[Source "lmi"]
[SourceDate "2010.03.06"]

1. e4 c5 2. Nf3 g6 3. d4 Bg7 4. c3 cxd4 5. cxd4 d5 6. exd5 Nf6 7. Bc4 O-O 8.
Nc3 Nbd7 9. O-O Nb6 10. Bb3 Nbxd5 11. Re1 Qd6 12. Ne5 Be6 13. Bg5 Rac8 14. Qd2
Rfd8 15. Rad1 a6 16. h3 b5 17. Nd3 Nxc3 18. bxc3 Bd5 19. Bxd5 Nxd5 20. Nc5 Re8
21. Re4 h5 22. Bh6 Bxh6 23. Qxh6 Qf6 24. Qd2 Rxc5 25. dxc5 Nxc3 26. Qd7 Nxe4
27. Qxe8+ Kg7 28. c6 Qxf2+ 29. Kh1 Qe2 30. Rd8 Qe1+ 31. Kh2 Qg3+ 32. Kg1 Qe3+
33. Kh2 Qf4+ 34. Kg1 Qc1+ 35. Kh2 Kf6 36. Qd7 Qf4+ 37. Kg1 Qe3+ 38. Kh2 Qg3+
39. Kg1 Qe3+ 40. Kh2 Qf4+ 41. Kg1 h4 42. c7 Qc1+ 43. Kh2 1/2-1/2

[Event "11. Europa ch 2010 Femenino"]
[Site "Rijeka CRO"]
[Date "2010.03.17"]
[Round "11.21"]
[White "Guramishvili, Sopiko"]
[Black "Zdebskaja, Natalia"]
[Result "1/2-1/2"]
[WhiteElo "2266"]
[BlackElo "2390"]
[PlyCount "110"]
[EventDate "2010.03.06"]
[EventType "swiss"]
[EventRounds "11"]
[EventCountry "CRO"]
[Source "lmi"]
[SourceDate "2010.03.06"]

1. Nf3 Nf6 2. e3 d5 3. b3 g6 4. Bb2 Bg7 5. d4 O-O 6. Bd3 c5 7. O-O cxd4 8. exd4
Nc6 9. a3 Bf5 10. Bxf5 gxf5 11. Ne5 e6 12. Nd2 Rc8 13. Ndf3 Ne4 14. Nxc6 Rxc6
15. Ne5 Rc8 16. f3 Nd6 17. Qd2 Qc7 18. Rf2 Rfd8 19. Kh1 Kh8 20. a4 b6 21. Rg1
f6 22. Nd3 Nf7 23. Re1 e5 24. dxe5 fxe5 25. Qb4 d4 26. Rfe2 a5 27. Qa3 Qd6 28.
Qxd6 Rxd6 29. Rd1 Kg8 30. h3 Rdc6 31. Ne1 Bh6 32. Bc1 Bg7 33. g4 Nd6 34. Ba3
fxg4 35. hxg4 Nf7 36. Kg2 Ng5 37. Bc1 Ne6 38. Kg3 Nc7 39. Rh2 Nd5 40. c4 Nc3
41. Rd3 Rf8 42. Ba3 Rf7 43. Rc2 e4 44. fxe4 Nxe4+ 45. Kg2 Rg6 46. Kh3 Nf2+ 47.
Rxf2 Rxf2 48. Nf3 Ra2 49. Bc1 Re6 50. Bf4 Rb2 51. Kg3 Ree2 52. Nd2 Be5 53. Kf3
Bxf4 54. Kxe2 Bxd2 55. Rxd2 Rxb3 1/2-1/2

[Event "11. Europa ch 2010 Femenino"]
[Site "Rijeka CRO"]
[Date "2010.03.17"]
[Round "11.22"]
[White "Kovanova, Baira"]
[Black "Schneider, Veronika"]
[Result "1/2-1/2"]
[WhiteElo "2385"]
[BlackElo "2314"]
[PlyCount "47"]
[EventDate "2010.03.06"]
[EventType "swiss"]
[EventRounds "11"]
[EventCountry "CRO"]
[Source "lmi"]
[SourceDate "2010.03.06"]

1. e4 c5 2. Nf3 e6 3. d3 Nc6 4. g3 Nge7 5. Bg2 g6 6. O-O Bg7 7. c3 O-O 8. Re1
e5 9. Be3 d6 10. Na3 h6 11. Qd2 Kh7 12. d4 exd4 13. cxd4 f5 14. exf5 Nxf5 15.
dxc5 Nxe3 16. Qxe3 dxc5 17. Rad1 Qf6 18. Qxc5 Bg4 19. Rd6 Qxb2 20. Nc4 Qc3 21.
Re3 Qc1+ 22. Re1 Qc3 23. Re3 Qc1+ 24. Re1 1/2-1/2

[Event "11. Europa ch 2010 Femenino"]
[Site "Rijeka CRO"]
[Date "2010.03.17"]
[Round "11.23"]
[White "Danielian, Elina"]
[Black "Schut, Lisa"]
[Result "1-0"]
[WhiteElo "2491"]
[BlackElo "2224"]
[PlyCount "115"]
[EventDate "2010.03.06"]
[EventType "swiss"]
[EventRounds "11"]
[EventCountry "CRO"]
[Source "lmi"]
[SourceDate "2010.03.06"]

1. Nf3 Nf6 2. g3 g6 3. c4 Bg7 4. Bg2 d5 5. cxd5 Nxd5 6. O-O O-O 7. d4 Nc6 8.
Nc3 Nb6 9. d5 Na5 10. Qc2 c6 11. dxc6 Nxc6 12. Rd1 Bd7 13. Bf4 Qc8 14. Rac1 Bf5
15. e4 Bg4 16. Nb5 e5 17. Be3 Rd8 18. Rd6 Bxf3 19. Bxf3 Nd4 20. Qxc8 Rdxc8 21.
Rxc8+ Rxc8 22. Nxa7 Ra8 23. Rxb6 Rxa7 24. Bd1 Bf8 25. Bxd4 exd4 26. Bb3 Bc5 27.
Rf6 b6 28. Kf1 Re7 29. Bd5 Kg7 30. Rf3 Rd7 31. a3 Rc7 32. Ke2 Bd6 33. Kd2 Ra7
34. Kd3 f6 35. h4 Rc7 36. Kd2 Ra7 37. Rb3 Bc5 38. Rd3 Kf8 39. Kc2 Rc7 40. Kd2
Ra7 41. f4 Ke7 42. Rf3 h6 43. e5 Rd7 44. Bc4 Rc7 45. Kd3 Ra7 46. g4 Ra4 47. g5
hxg5 48. hxg5 f5 49. Rh3 Kf8 50. Rh7 Ra5 51. Rf7+ Ke8 52. Rf6 b5 53. Bf7+ Ke7
54. Bxg6 b4 55. axb4 Bxb4 56. Rb6 Be1 57. Rb7+ Kf8 58. e6 1-0

[Event "11. Europa ch 2010 Femenino"]
[Site "Rijeka CRO"]
[Date "2010.03.17"]
[Round "11.24"]
[White "Purtseladze, Maka"]
[Black "Melia, Salome"]
[Result "0-1"]
[WhiteElo "2299"]
[BlackElo "2467"]
[PlyCount "148"]
[EventDate "2010.03.06"]
[EventType "swiss"]
[EventRounds "11"]
[EventCountry "CRO"]
[Source "lmi"]
[SourceDate "2010.03.06"]

1. Nf3 Nf6 2. c4 e6 3. g3 d5 4. b3 Be7 5. Bg2 O-O 6. O-O a5 7. Nc3 d4 8. Nb5
Nc6 9. d3 e5 10. e3 Bg4 11. h3 Bh5 12. e4 Nd7 13. g4 Bg6 14. Ne1 Nc5 15. f4
exf4 16. Bxf4 Ne6 17. Bg3 Nb4 18. a3 Na6 19. a4 c6 20. Na3 Bh4 21. Bh2 Bg5 22.
Nac2 Nac5 23. Rb1 Ra6 24. Nf3 Bf4 25. Bxf4 Nxf4 26. Nce1 Rb6 27. Qd2 Nxg2 28.
Kxg2 Rxb3 29. Rxb3 Nxb3 30. Qb2 Nc5 31. Qa3 Ne6 32. Nc2 h5 33. Qc1 hxg4 34.
hxg4 Nc5 35. Qa3 Ne6 36. Qc1 Qd6 37. Nh4 Nc5 38. Qd2 Re8 39. Nf5 Bxf5 40. gxf5
b6 41. Qg5 Qf6 42. Qg3 Nxa4 43. Rh1 Nc5 44. Qh3 Kf8 45. Qg3 Kg8 46. Qh3 Qh6 47.
Nxd4 Qxh3+ 48. Rxh3 Rd8 49. Nxc6 Rxd3 50. Rh4 f6 51. e5 fxe5 52. Nxe5 Re3 53.
Ng6 Kf7 54. Rh8 Re8 55. Rh1 a4 56. Rb1 a3 57. Ra1 Ra8 58. Ne5+ Kf6 59. Nc6 Kxf5
60. Nd4+ Ke5 61. Nb5 a2 62. Nc3 Kd4 63. Nxa2 Nd3 64. Kg3 Kxc4 65. Rb1 b5 66.
Nc1 Ra3 67. Nxd3 Rxd3+ 68. Kf2 b4 69. Ke2 Rd5 70. Rg1 g5 71. Rc1+ Kb3 72. Ra1
Kb2 73. Ra4 b3 74. Ke1 Kc3 0-1

[Event "11. Europa ch 2010 Femenino"]
[Site "Rijeka CRO"]
[Date "2010.03.17"]
[Round "11.26"]
[White "Vasilevich, Tatjana"]
[Black "Vojinovic, Jovana"]
[Result "1/2-1/2"]
[WhiteElo "2414"]
[BlackElo "2296"]
[PlyCount "73"]
[EventDate "2010.03.06"]
[EventType "swiss"]
[EventRounds "11"]
[EventCountry "CRO"]
[Source "lmi"]
[SourceDate "2010.03.06"]

1. d4 Nf6 2. c4 g6 3. Nc3 Bg7 4. e4 d6 5. f3 O-O 6. Bg5 a6 7. Nge2 Nbd7 8. Qd2
c5 9. d5 b5 10. cxb5 Qa5 11. Nc1 axb5 12. Nxb5 Nb6 13. Rb1 Bd7 14. Qxa5 Rxa5
15. Nc3 Ra7 16. Bd3 Rb8 17. Kf2 Ne8 18. Bd2 e6 19. dxe6 fxe6 20. b3 d5 21. exd5
exd5 22. a4 Bd4+ 23. Ke2 Nd6 24. a5 c4 25. axb6 cxd3+ 26. Nxd3 Rxb6 27. Nxd5
Rb5 28. Nc3 Bxc3 29. Bxc3 Ra2+ 30. Rb2 Rxb2+ 31. Bxb2 Rxb3 32. Kd2 h5 33. Ra1
Bf5 34. Ra6 Nb5 35. Be5 Na3 36. Ra8+ Kf7 37. Rb8 1/2-1/2

[Event "11. Europa ch 2010 Femenino"]
[Site "Rijeka CRO"]
[Date "2010.03.17"]
[Round "11.27"]
[White "Kostiuk, Tatiana"]
[Black "Lomineishvili, Maia"]
[Result "1/2-1/2"]
[WhiteElo "2294"]
[BlackElo "2385"]
[PlyCount "134"]
[EventDate "2010.03.06"]
[EventType "swiss"]
[EventRounds "11"]
[EventCountry "CRO"]
[Source "lmi"]
[SourceDate "2010.03.06"]

1. d4 Nf6 2. Nf3 g6 3. g3 Bg7 4. Bg2 O-O 5. c4 d6 6. Nc3 Nc6 7. O-O Bf5 8. d5
Na5 9. Nd4 Bd7 10. Qd3 Ng4 11. f4 c5 12. Nf3 b5 13. cxb5 c4 14. Qd2 Qb6+ 15. e3
Bxb5 16. h3 Nf6 17. Qf2 Ba6 18. e4 Rab8 19. Rb1 Qxf2+ 20. Kxf2 Ng4+ 21. hxg4
Bxc3 22. Rd1 Rb7 23. Bf1 Rfb8 24. b3 cxb3 25. axb3 Bxf1 26. Kxf1 Rxb3 27. Rxb3
Nxb3 28. Ba3 Bb4 29. Bb2 a5 30. Ke2 a4 31. Nd4 Bc5 32. Nc2 Rc8 33. Na3 Bxa3 34.
Bxa3 Rc2+ 35. Ke3 Rg2 36. e5 Kf8 37. exd6 exd6 38. Bxd6+ Ke8 39. Kf3 Rd2 40.
Re1+ Kd7 41. Bb4 Rxd5 42. Re7+ Kc6 43. Rxf7 Rd3+ 44. Kf2 Kb5 45. Rb7+ Kc4 46.
Bf8 Rd8 47. Ba3 Rd2+ 48. Ke1 Ra2 49. Bf8 Nd4 50. Rxh7 Kd3 51. Re7 Nf3+ 52. Kf1
Nd2+ 53. Kg2 Ne4+ 54. Kh3 Ke3 55. f5 g5 56. Bh6 Kf3 57. Bxg5 Nxg5+ 58. Kh4 Ne4
59. Kh5 a3 60. g5 Nxg3+ 61. Kg6 Ne4 62. Ra7 Kf4 63. f6 Rg2 64. Rxa3 Rxg5+ 65.
Kf7 Rf5 66. Ra6 Kg5 67. Ke7 Nxf6 1/2-1/2

[Event "11. Europa ch 2010 Femenino"]
[Site "Rijeka CRO"]
[Date "2010.03.17"]
[Round "11.28"]
[White "Molchanova, Tatjana"]
[Black "Sikorova, Olga"]
[Result "1-0"]
[WhiteElo "2369"]
[BlackElo "2256"]
[PlyCount "61"]
[EventDate "2010.03.06"]
[EventType "swiss"]
[EventRounds "11"]
[EventCountry "CRO"]
[Source "lmi"]
[SourceDate "2010.03.06"]

1. d4 Nf6 2. Nf3 c5 3. d5 e6 4. Nc3 d6 5. Bg5 Be7 6. Qd2 e5 7. O-O-O Bd7 8.
Nxe5 dxe5 9. d6 Bc6 10. dxe7 Qxd2+ 11. Rxd2 Nbd7 12. f3 h6 13. Bh4 g5 14. Bg3
Kxe7 15. e4 a6 16. Nd1 Nh5 17. Bf2 Ng7 18. Ne3 Rac8 19. Bc4 b5 20. Bd5 Bxd5 21.
Rxd5 f6 22. Rhd1 Rhd8 23. Rd6 Ra8 24. Rc6 c4 25. Rdd6 Ne8 26. Nf5+ Kf7 27. Re6
a5 28. Re7+ Kf8 29. Rce6 Rac8 30. Rh7 Kg8 31. Ree7 1-0

[Event "11. Europa ch 2010 Femenino"]
[Site "Rijeka CRO"]
[Date "2010.03.17"]
[Round "11.29"]
[White "Majdan, Joanna"]
[Black "Przezdziecka, Marta"]
[Result "1/2-1/2"]
[WhiteElo "2364"]
[BlackElo "2254"]
[PlyCount "64"]
[EventDate "2010.03.06"]
[EventType "swiss"]
[EventRounds "11"]
[EventCountry "CRO"]
[Source "lmi"]
[SourceDate "2010.03.06"]

1. e4 c5 2. Nf3 e6 3. d4 cxd4 4. Nxd4 a6 5. Nc3 Qc7 6. Be2 Nf6 7. O-O Nc6 8.
Kh1 Nxd4 9. Qxd4 Bc5 10. Qd3 O-O 11. Bg5 b5 12. f4 Bb7 13. Bxf6 gxf6 14. Qg3+
Kh8 15. Qh4 Be7 16. Bd3 Rg8 17. Ne2 Qc5 18. f5 Rg5 19. Ng3 Rag8 20. e5 Rg4 21.
Qh5 Qxe5 22. Rae1 Rxg3 23. Rxe5 Bxg2+ 24. Kg1 Bf3+ 25. hxg3 Bxh5 26. Re4 Rxg3+
27. Kf2 Bd6 28. Rd4 Rf3+ 29. Kg2 Rg3+ 30. Kf2 Rf3+ 31. Kg2 Rg3+ 32. Kf2 Rf3+
1/2-1/2

[Event "11. Europa ch 2010 Femenino"]
[Site "Rijeka CRO"]
[Date "2010.03.17"]
[Round "11.30"]
[White "Butuc, Maria"]
[Black "Cosma, Elena Luminita"]
[Result "0-1"]
[WhiteElo "2194"]
[BlackElo "2346"]
[PlyCount "66"]
[EventDate "2010.03.06"]
[EventType "swiss"]
[EventRounds "11"]
[EventCountry "CRO"]
[Source "lmi"]
[SourceDate "2010.03.06"]

1. e4 e6 2. d4 d5 3. Nc3 Nf6 4. e5 Nfd7 5. f4 c5 6. Nce2 Nc6 7. Nf3 Be7 8. c3
O-O 9. h4 cxd4 10. cxd4 f5 11. Kf2 Nb6 12. Nc3 a5 13. Bd3 a4 14. Be3 Nb4 15.
Bb1 Bd7 16. g4 a3 17. b3 Rc8 18. Bd2 Be8 19. gxf5 exf5 20. h5 Rc6 21. Ng5 Qc8
22. Qe1 Rh6 23. Qd1 Nc6 24. Be3 Nxe5 25. dxe5 Qxc3 26. Bxb6 Rxb6 27. Qxd5+ Kh8
28. Bd3 Bxg5 29. fxg5 Qd2+ 30. Kg3 Qxg5+ 31. Kf2 Qd2+ 32. Kg3 f4+ 33. Kh4 Qf2+
0-1